000
00270nam a22001337a 4500
020
_a
0863133509
082
_a
001
_b
NOR/S
100
_a
NORMAN, C J
245
_a
SUBMARINES
260
_a
LONDON
_b
FRANKLIN WATTS LTD
300
_a
32
650
_a
GK
_z
LONDON
942
_c
BK
999
_c
6237
_d
6237